Loading...

Mother Teresa

Bibliographic Details
Main Author: Chawla, Navin
Format: Printed Book
Language:Undetermined
English
Published: New Delhi Penguin Books 2002
LEADER 00497nam a2200169Ia 4500
008 140306s9999 xx 000 0 und d
020 |a 0143031783 
041 |a eng 
082 |a 923.6  |b CHA/MO 
100 |a Chawla, Navin 
245 |a Mother Teresa 
260 |a New Delhi  |b Penguin Books  |c 2002 
300 |a 280 
365 |b Rs.295/- 
942 |2 ddc  |c BK 
999 |c 187150  |d 187150 
952 |0 0  |1 0  |2 ddc  |4 0  |6 923_600000000000000_CHA_MO  |7 0  |9 193208  |a KAUCBV  |b KAUCBV  |g 295.00  |o 923.6 CHA/MO  |r 2014-03-22  |w 2014-03-22  |y BK